000 00993cam a2200325 a 4500
999 _c7688
_d7688
001 7688
003 BD-JhCC
005 20180213104540.0
008 100819s2010 enka 001 0 eng
020 _a9780521885058 (hbk.)
020 _a0521885051 (hbk.)
020 _a9780521712040 (pbk.)
020 _a0521712041 (pbk.)
035 _a(BD-JhCC)7688
040 _aUKM
_cUKM
_dBWKUK
_dBWK
_dYDXCP
_dBTCTA
_dDLC
_dBD-JhCC
041 _aeng
050 0 0 _aLB1576
_b.P2595 2010
082 0 4 _a428.2071
_222
_bPAR 2010
100 1 _aParrott, Martin.
245 1 0 _aGrammar for English language teachers /
_cMartin Parrott.
250 _a2nd ed.
260 _aCambridge, UK ;
_aNew York :
_bCambridge University Press,
_c2010.
300 _aviii, 470 p. :
_bill. (some col.) ;
_c26 cm.
500 _aPrevious ed.: 2000.
500 _aIncludes index.
650 0 _aEnglish language
_xGrammar.
650 0 _aEnglish language
_xGrammar
_xStudy and teaching.
942 _2ddc
_cBK